Instyle getting gorgeous : The step - by - step guide to your best hair , makeup and skin written by Jennifer Tung

Bibliographic Details
Main Author: Tung , Jennifer
Format: Book
Published: New York : Style book , 2004
Subjects:

MARC

LEADER 00000cam a2200000 7i4500
001 0000016991
005 20080506.0
008 080506
020 |a 1932273557 
090 0 0 |a 391   |b TUN 
100 1 |a Tung , Jennifer 
245 1 0 |a Instyle getting gorgeous :   |b The step - by - step guide to your best hair , makeup and skin written by Jennifer Tung 
260 |a New York :   |b Style book ,   |c 2004 
650 0 |a Fashion   |x Hair 
650 0 |a Fashion   |x Makeup 
650 0 |a Fashion   |x Skin 
650 0 |a Fashion   |x Techniques 
999 |a 0001011826   |b Book   |c REFERENCE   |e Perbadanan Perpustakaan Awam Johor